[Event "Lueneburg distr-ch Haupt"]
[Site "Muenster"]
[Date "2019.10.20"]
[Round "7"]
[White "Kurth, Guenter"]
[Black "Hein, Gerd"]
[Result "0-1"]
[WhiteElo "1530"]
[BlackElo "1807"]
[PlyCount "71"]
[EventDate "2019.10.17"]
[EventType "swiss"]
[EventRounds "7"]
[EventCountry "GER"]
[SourceTitle "EXT 2023"]
[Source "ChessBase"]
[SourceDate "2022.10.05"]
[SourceVersion "1"]
[SourceVersionDate "2022.10.05"]
[SourceQuality "1"]

1. e4 c5 2. Nc3 Nc6 3. f4 g6 4. Nf3 Bg7 5. e5 d6 6. Bb5 a6 7. Bxc6+ bxc6 8. Ne4 f5 9. Neg5 h6 10. Nh3 d5 11. Nh4 Kf7 12. Nf2 e6 13. Nf3 a5 14. b3 a4 15. Bb2 a3 16. Bc1 d4 17. Nd3 Bf8 18. Qe2 Ba6 19. c3 dxc3 20. dxc3 Qxd3 21. c4 Qxe2+ 22. Kxe2 Ne7 23. Be3 Nd5 24. Bd2 Nb4 25. Bc3 Be7 26. Bxb4 cxb4 27. Rad1 Rad8 28. Nd4 Bb7 29. Nf3 Rxd1 30. Rxd1 Rd8 31. Nd2 c5 32. g3 g5 33. Rg1 Rd5 34. Ke3 g4 35. Re1 h5 36. Rf1 0-1

[Event "Lueneburg distr-ch Haupt"]
[Site "Muenster"]
[Date "2019.10.19"]
[Round "5"]
[White "Schneider, Peter"]
[Black "Hein, Gerd"]
[Result "1/2-1/2"]
[WhiteElo "1382"]
[BlackElo "1807"]
[PlyCount "55"]
[EventDate "2019.10.17"]
[EventType "swiss"]
[EventRounds "7"]
[EventCountry "GER"]
[SourceTitle "EXT 2023"]
[Source "ChessBase"]
[SourceDate "2022.10.05"]
[SourceVersion "1"]
[SourceVersionDate "2022.10.05"]
[SourceQuality "1"]

1. e4 c5 2. f4 Nc6 3. Nf3 g6 4. g3 d6 5. Bg2 Bg7 6. 0-0 e6 7. c3 Nge7 8. d3 0-0 9. Na3 a6 10. Nc2 f5 11. Re1 Rb8 12. exf5 Nxf5 13. Ne3 Kh8 14. Nxf5 exf5 15. Be3 a5 16. Qd2 b5 17. Ng5 Ne7 18. Bf2 h6 19. Ne6 Bxe6 20. Rxe6 Qd7 21. Rae1 Rbe8 22. d4 Nc8 23. Rxe8 Rxe8 24. Rxe8+ Qxe8 25. dxc5 dxc5 26. Bxc5 Kh7 27. Bd4 Qd7 28. Qe3 1/2-1/2